The American occupation of Japan : The origins of the Cold War in Asia

This book provides a novel perspective on the origins of the Cold war in Asia, tracing it all the way back to the occupation of Japan after World War II

সংরক্ষণ করুন:
গ্রন্থ-পঞ্জীর বিবরন
প্রধান লেখক: Schaller, Michael
বিন্যাস: গ্রন্থ
ভাষা:Undetermined
প্রকাশিত: New York Oxford University Press, 1985
বিষয়গুলি:
ট্যাগগুলো: ট্যাগ যুক্ত করুন
কোনো ট্যাগ নেই, প্রথমজন হিসাবে ট্যাগ করুন!
Thư viện lưu trữ: Trung tâm Học liệu Trường Đại học Cần Thơ
LEADER 00804nam a2200229Ia 4500
001 CTU_113883
008 210402s9999 xx 000 0 und d
082 |a 327.73052 
082 |b S298 
100 |a Schaller, Michael 
245 4 |a The American occupation of Japan : 
245 4 |b The origins of the Cold War in Asia 
245 0 |c Michael Schaller 
260 |a New York 
260 |b Oxford University Press, 
260 |c 1985 
520 |a This book provides a novel perspective on the origins of the Cold war in Asia, tracing it all the way back to the occupation of Japan after World War II 
650 |a United states,Japan 
650 |x Foreign relations,Foreign relations 
650 |z Japan,United states 
904 |i Năm 
980 |a Trung tâm Học liệu Trường Đại học Cần Thơ